Estrategias para aprender a aprender : (Record no. 141104)
[ view plain ]
| 000 -CABECERA | |
|---|---|
| campo de control de longitud fija | 00708nam a2200193 u 4500 |
| 005 - FECHA Y HORA DE LA ÚLTIMA TRANSACCIÓN | |
| campo de control | 20230204063907.0 |
| 008 - ELEMENTOS DE LONGITUD FIJA--INFORMACIÓN GENERAL | |
| campo de control de longitud fija | 090209s2008 r 000 0 eng d |
| 020 ## - NÚMERO INTERNACIONAL NORMALIZADO PARA LIBROS | |
| Número Internacional Estándar del Libro | 9789702615088 |
| 035 ## - NÚMERO DE CONTROL DEL SISTEMA | |
| Número de control de sistema | UPN01000168998 |
| 049 ## - COLECCIÓN | |
| Colección | CG |
| 050 #4 - SIGNATURA TOPOGRÁFICA DE LA BIBLIOTECA DEL CONGRESO | |
| Número de clasificación | LB1060 |
| Número de documento/Ítem | E8.77 |
| 245 00 - MENCIÓN DE TÍTULO | |
| Título | Estrategias para aprender a aprender : |
| Resto del título | reconstrucción del conocimiento a partir de la lectoescritura / |
| Mención de responsabilidad, etc. | María Edith Araoz Robles ... [et al.]. |
| 260 ## - PUBLICACIÓN, DISTRIBUCIÓN, ETC. | |
| Lugar de publicación, distribución, etc. | Naucalpan de Juárez, Edo. de Méx. : |
| Nombre del editor, distribuidor, etc. | Pearson Educación : |
| -- | Universidad de Sonora, |
| Fecha de publicación, distribución, etc. | 2008. |
| 300 ## - DESCRIPCIÓN FÍSICA | |
| Extensión | 116 p. : |
| Otras características físicas | il. |
| 650 #4 - ASIENTO SECUNDARIO DE MATERIA - TERMINO TEMATICO | |
| Término de materia o nombre geográfico como elemento de entrada | ESTRATEGIAS DE APRENDIZAJE |
| 650 #4 - ASIENTO SECUNDARIO DE MATERIA - TERMINO TEMATICO | |
| Término de materia o nombre geográfico como elemento de entrada | Comprensión lectora |
| 9 (RLIN) | 1537 |
| 700 1# - ASIENTO SECUNDARIO--NOMBRE DE PERSONAL | |
| Nombre de persona | Araoz Robles, María Edith, |
| Término indicativo de función/relación | coaut. |
| 905 ## - TIPO DE MATERIAL | |
| Tipo de material | Libro |
| Estado de retiro | Estado de pérdida | Fuente del sistema de clasificación o colocación | Estado dañado | No para préstamo | Código de colección | Localización permanente | Ubicación/localización actual | Ubicación en estantería | Fecha de adquisición | Total de préstamos | Clasificación | Código de barras | Fecha visto por última vez | Fecha del último préstamo | Número de copia | Tipo de ítem Koha | Renovaciones totales |
|---|---|---|---|---|---|---|---|---|---|---|---|---|---|---|---|---|---|
| Library of Congress Classification | Colección General | Bib. Gregorio Torres Quintero | Bib. Gregorio Torres Quintero | Planta baja | 12/08/2023 | 59 | LB1060 E8.77 | 262464 | 30/11/2024 | 12/08/2023 | 1 | Libro | |||||
| Library of Congress Classification | Colección General | Bib. Gregorio Torres Quintero | Bib. Gregorio Torres Quintero | Planta baja | 04/11/2022 | 66 | LB1060 E8.77 | 262465 | 08/04/2024 | 21/03/2024 | 1 | Libro | 1 |
